00307 2200133 4500001002100000005001500021035002000036245004700056300000700103260003100110082000800141084001200149990001200161INLIS00000000000241020250528122521 a0010-0525000702 aPetuah Cinta Nabi Muhammad /cSri Utami S. a82 aJakarta :bGramedia,c2004 a813 a813 PET a0713427